<?xml version="1.0" encoding="UTF-8"?><OAI-PMH xmlns="http://www.openarchives.org/OAI/2.0/" xmlns:xsi="http://www.w3.org/2001/XMLSchema-instance"     xsi:schemaLocation="http://www.openarchives.org/OAI/2.0/ http://www.openarchives.org/OAI/2.0/OAI-PMH.xsd"><responseDate>2026-05-15T00:31:57Z</responseDate><request verb="GetRecord" identifier="oai:regmurcia.com:fintegr.763" metadataPrefix="marc21">http://oai.regmurcia.com/oai2/oai2.php</request><GetRecord><record><header><identifier>oai:regmurcia.com:fintegr.763</identifier><datestamp>2026-05-15</datestamp><setSpec>documentos</setSpec></header><metadata><record  xmlns="http://www.loc.gov/MARC21/slim" xmlns:xsi="http://www.w3.org/2001/XMLSchema-instance" xsi:schemaLocation="http://www.loc.gov/MARC21/slim http://www.loc.gov/standards/marcxml/schema/MARC21slim.xsd" type="Bibliographic"><leader>00000nam a2200000   4500</leader><controlfield tag="001" >005070282</controlfield><controlfield tag="003" >763</controlfield><controlfield tag="004" >A00000000</controlfield><datafield tag="245" ind1=" " ind2=" "><subfield code="a">Testimonio sobre la toma de ganado por parte de ciertos habitantes de Vélez Rubio, a algunos vecinos de Lorca</subfield></datafield><datafield tag="300" ind1=" " ind2=" "><subfield code="c">218 x 150 mm</subfield></datafield><datafield tag="300" ind1=" " ind2=" "><subfield code="a">5 fol.</subfield></datafield><datafield tag="351" ind1=" " ind2=" "><subfield code="a">Unidad Documental</subfield><subfield code="c">Archivo de Murcia. Array</subfield><subfield code="a">Unidad Documental</subfield><subfield code="c">Archivo de Murcia. Array</subfield></datafield><datafield tag="351" ind1=" " ind2=" "><subfield code="b">Nº 40</subfield></datafield><datafield tag="506" ind1=" " ind2=" "><subfield code="a">Acceso restringido</subfield></datafield><datafield tag="520" ind1=" " ind2=" "><subfield code="a">Testimonio de la presentación por parte de Ruy García de Saorín, regidor de Murcia, de una carta del concejo de Murcia (1445-9-7. Murcia), comunicanco al alcaide de Vélez Blanco, que los hombres y las acémilas que les habían sido tomadas por parte de algunos vecinos de Lorca les serán restituidas, pero que primero deberán devolver el ganado requisado a Diego Mellado y a otros vecinos de Lorca&lt;/br&gt;- Testimonio de la presentación de un escrito, por parte del concejo de Vélez Blanco, respondiendo al concejo de Murcia que restituirán a Diego Mellado y sus compañeros el ganado que les fue tomado por razón del robo y muerte de Çad Aseite en el puerto de la Culebrilla, siempre y cuando les sean devueltas las acémilas y los hombres que les habían robado ciertos moros de Lorca. Les comunica además que Diego Mellado permanece retenido, con motivo de los disturbios que ha ocasionado y que será liberado cuando se pague la fianza correspondiente y cuando Alfonso Fajardo consiga la liberación de Juan de Teruel y de Pedro Porcal, que se encontraban cautivos en Baeza, a cambio del pago de 4000 maravedís o de 2 moros del señorío del Reino de Granada</subfield></datafield><datafield tag="583" ind1=" " ind2=" "><subfield code="u">http://www.regmurcia.com/servlet/s.Sl?METHOD=VERDOCUMENTO&amp;sit=serv,Carmesi&amp;n=/01/1222/indice.djvu</subfield></datafield><datafield tag="592" ind1=" " ind2=" "><subfield code="a">1445-09-12</subfield></datafield><datafield tag="592" ind1=" " ind2=" "><subfield code="d">1445-09-12 00:00:00</subfield></datafield><datafield tag="651" ind1=" " ind2=" "><subfield code="a">Vélez Blanco</subfield></datafield><datafield tag="786" ind1=" " ind2=" "><subfield code="o">http://www.regmurcia.com/servlet/s.Sl?METHOD=VERDOCUMENTO&amp;sit=serv,Carmesi&amp;n=/01/1222/indice.djvu</subfield></datafield><datafield tag="856" ind1=" " ind2=" "><subfield code="u">http://www.regmurcia.com/servlet/s.Sl?METHOD=DETALLE&amp;sit=c,373,m,139,serv,Carmesi&amp;id=763</subfield></datafield></record></metadata></record></GetRecord></OAI-PMH>
